The Impact of Automation on Employment Growth in Slovakia
Prehľad literatúry o predpokladaných dopadoch automatizácie na národné ekonomiky. Skúmanie vzťahu medzi automatizáciou a zamestnanosťou. Zistenie, že pri povolaniach s vyšším rizikom automatizácie sa vyskytol nižší rast zamestnanosti medzi rokmi 2014 a 2019 na Slovensku. Možnosť porovnania, do akej...
Guardado en:
| Autor principal: | |
|---|---|
| Formato: | Capítulo de libro |
| Lenguaje: | inglés |
| Materias: | |
| Etiquetas: |
Sin Etiquetas, Sea el primero en etiquetar este registro!
|
MARC
| LEADER | 00000naa$a2200000$$$4500 | ||
|---|---|---|---|
| 001 | 0283851 | ||
| 005 | 20240502074410.0 | ||
| 041 | 0 | |a eng | |
| 044 | |a SK | ||
| 245 | 1 | 0 | |a The Impact of Automation on Employment Growth in Slovakia |c Erika Majzlíková |
| 520 | |a Prehľad literatúry o predpokladaných dopadoch automatizácie na národné ekonomiky. Skúmanie vzťahu medzi automatizáciou a zamestnanosťou. Zistenie, že pri povolaniach s vyšším rizikom automatizácie sa vyskytol nižší rast zamestnanosti medzi rokmi 2014 a 2019 na Slovensku. Možnosť porovnania, do akej miery automatizácia ohrozuje trh práce konkrétnej krajiny s inými krajinami. | ||
| 610 | 2 | 0 | |a trh práce |
| 610 | 2 | 0 | |a zamestnanosť |
| 610 | 2 | 0 | |a sily pracovné |
| 610 | 2 | 0 | |a automatizácia |
| 610 | 2 | 0 | |a Slovensko |
| 100 | 1 | |a Majzlíková, Erika, 1993- | |